| 000 | 00504nam a22001697a 4500 | ||
|---|---|---|---|
| 999 |
_c8534 _d8534 |
||
| 008 | 201202b ||||| |||| 00| 0 eng d | ||
| 040 | _aBMS College of Architecture | ||
| 100 | _aKaivalya, Kunkala | ||
| 245 | _aAvian sphere | ||
| 300 | _av,53p. | ||
| 500 | _a1BM13AT032 | ||
| 502 |
_8B,Arch _NBMS College of Architecture, Visvesvaraya Technological University (VTU) _aProject report _d2017 |
||
| 650 | _aNA | ||
| 700 |
_aBhagyakaxmi Madapur _eGuide |
||
| 700 |
_aSwtha Gowri _eGuide |
||
| 942 |
_2ddc _cTHE |
||